[Event "UK Blitz Championship"]
[Site "Leamington"]
[Date "2025.11.22"]
[Round "3.5"]
[White "Kozusek, Daniel"]
[Black "Vijayakumar, Rishi"]
[Result "0-1"]
[WhiteElo "2316"]
[BlackElo "2399"]
[PlyCount "116"]
[EventDate "2025.11.22"]
[EventType "tourn (blitz)"]
[EventRounds "15"]
[EventCountry "GBR"]
[SourceTitle "BritBase"]
[Source "John Saunders"]
[SourceDate "2025.11.23"]
[SourceVersion "1"]
[SourceVersionDate "2025.11.23"]
[SourceQuality "1"]

1. d4 Nf6 2. c4 e6 3. Nf3 d5 4. Nc3 Bb4 5. e3 c5 6. cxd5 cxd4 7. Qa4+ Bd7 8. Qxb4 dxc3 9. dxe6 Bxe6 10. Bb5+ Nc6 11. Bxc6+ bxc6 12. Qxc3 O-O 13. O-O Bd5 14. Nd4 Ne4 15. Qc2 Qf6 16. Bd2 Qg6 17. f3 Nxd2 18. Qxd2 Rad8 19. Qc3 Rc8 20. e4 Be6 21. Nxc6 Kh8 22. Ne7 Qg5 23. Nxc8 Rxc8 24. Qe1 Qe5 25. Rc1 Rb8 26. b3 Qb2 27. Qf2 Qa3 28. Rfd1 h6 29. Qd2 a5 30. Rc2 Qe7 31. Qd6 Qa7+ 32. Qd4 Qb7 33. Qc5 Rc8 34. Qf2 Rb8 35. Qd2 Qa7+ 36. Qd4 Qb7 37. Rcd2 Rc8 38. Qe3 Kh7 39. Qd3 Qb6+ 40. Qd4 Qb7 41. Qe3 Qb4 42. Rd4 Qc5 43. Qd3 Rd8 44. Kh1 Rc8 45. e5+ g6 46. f4 Bf5 47. Qd2 Qc6 48. Kg1 Qc5 49. Qf2 Qc7 50. Rd5 Be6 51. Rxa5 Qxa5 52. h3 Qc5 53. Qxc5 Rxc5 54. Kf2 Rc2+ 55. Ke3 Rxa2 56. g4 Ra3 57. Ke4 Bxb3 58. f5 Bxd1 0-1

[Event "UK Blitz Championship"]
[Site "Leamington"]
[Date "2025.11.22"]
[Round "3.6"]
[White "Wells, Peter K"]
[Black "Collins, Adam"]
[Result "1-0"]
[WhiteElo "2384"]
[BlackElo "2271"]
[PlyCount "87"]
[EventDate "2025.11.22"]
[EventType "tourn (blitz)"]
[EventRounds "15"]
[EventCountry "GBR"]
[SourceTitle "BritBase"]
[Source "John Saunders"]
[SourceDate "2025.11.23"]
[SourceVersion "1"]
[SourceVersionDate "2025.11.23"]
[SourceQuality "1"]

1. Nf3 d5 2. c4 e6 3. g3 Nf6 4. Bg2 Be7 5. O-O O-O 6. d4 dxc4 7. Qc2 b5 8. a4 b4 9. Nfd2 Nd5 10. Nxc4 c5 11. dxc5 Bxc5 12. Nbd2 Nd7 13. b3 Bb7 14. Bb2 Rc8 15. Rac1 Qc7 16. Qb1 Nc3 17. Bxc3 bxc3 18. Rxc3 Bxg2 19. Kxg2 Bb4 20. Rcc1 Nc5 21. Nf3 Rfd8 22. Rfd1 h6 23. Nce5 Rxd1 24. Rxd1 Qb7 25. Rc1 a5 26. Rc4 Nd7 27. Rxc8+ Qxc8 28. Nxd7 Qxd7 29. Qe4 Qd1 30. Qc4 Qd6 31. Nd4 Qe5 32. e3 Qe4+ 33. Nf3 Qb7 34. e4 Qd7 35. h4 Qd6 36. h5 Qd7 37. Ne5 Qe7 38. Nc6 Qd6 39. Nxb4 axb4 40. a5 Qe5 41. a6 Qa5 42. Qc8+ Kh7 43. Qb7 Qxh5 44. a7 1-0

[Event "UK Blitz Championship"]
[Site "Leamington"]
[Date "2025.11.22"]
[Round "3.7"]
[White "Balaji, Aaravamudhan"]
[Black "Maroroa Jones, Gawain C B"]
[Result "0-1"]
[WhiteElo "2379"]
[BlackElo "2663"]
[PlyCount "76"]
[EventDate "2025.11.22"]
[EventType "tourn (blitz)"]
[EventRounds "15"]
[EventCountry "GBR"]
[SourceTitle "BritBase"]
[Source "John Saunders"]
[SourceDate "2025.11.23"]
[SourceVersion "1"]
[SourceVersionDate "2025.11.23"]
[SourceQuality "1"]

1. Nf3 Nf6 2. b3 g6 3. Bb2 Bg7 4. d4 c5 5. dxc5 Qa5+ 6. Nbd2 Qxc5 7. e3 O-O 8. c4 b6 9. Be2 Bb7 10. O-O d6 11. a3 Nbd7 12. b4 Qc7 13. Rc1 a5 14. Qb3 Rfc8 15. Rfd1 Ra7 16. h3 Qb8 17. Nd4 Qa8 18. Bf1 h5 19. Bc3 axb4 20. axb4 Ra3 21. Qb1 Ne4 22. Nxe4 Bxe4 23. Qb2 Ne5 24. Ra1 Rxa1 25. Rxa1 Qb7 26. Nb5 Nxc4 27. Bxc4 Bxc3 28. Qxc3 d5 29. Qe5 dxc4 30. Ra7 Qd5 31. Qxe7 c3 32. Nxc3 Rxc3 33. Rd7 Qe6 34. Qd8+ Kh7 35. Re7 Qf6 36. Qf8 Bd5 37. e4 Rc1+ 38. Kh2 Qf4+ 0-1

[Event "UK Blitz Championship"]
[Site "Leamington"]
[Date "2025.11.22"]
[Round "3.8"]
[White "Banerjee, Supratit"]
[Black "Gasanov, Eldar"]
[Result "1-0"]
[WhiteElo "2327"]
[BlackElo "2425"]
[PlyCount "69"]
[EventDate "2025.11.22"]
[EventType "tourn (blitz)"]
[EventRounds "15"]
[EventCountry "GBR"]
[SourceTitle "BritBase"]
[Source "John Saunders"]
[SourceDate "2025.11.23"]
[SourceVersion "1"]
[SourceVersionDate "2025.11.23"]
[SourceQuality "1"]

1. e4 c5 2. Nf3 Nc6 3. d4 cxd4 4. Nxd4 Qb6 5. Nb3 e6 6. Nc3 Qc7 7. Be2 a6 8. O-O b5 9. Re1 Nf6 10. f4 b4 11. Nd5 exd5 12. exd5 Ne7 13. d6 Qa7+ 14. Kh1 Ne4 15. Rf1 Nf5 16. Qe1 Nfxd6 17. f5 Be7 18. Bf3 Bb7 19. Bf4 O-O 20. Bxd6 Bxd6 21. Bxe4 Rfe8 22. Nd2 Qd4 23. Rd1 Bc7 24. Bxb7 Rxe1 25. Rfxe1 Rb8 26. Nf3 Qc5 27. Rxd7 h6 28. Bd5 Rf8 29. Ree7 Bd6 30. Rxf7 Rxf7 31. Bxf7+ Kf8 32. Nh4 g5 33. Ng6+ Kg7 34. Be6+ Kf6 35. Rf7# 1-0

[Event "UK Blitz Championship"]
[Site "Leamington"]
[Date "2025.11.22"]
[Round "4.1"]
[White "D'Costa, Lorin AR"]
[Black "Gasanov, Eldar"]
[Result "0-1"]
[WhiteElo "2349"]
[BlackElo "2425"]
[PlyCount "94"]
[EventDate "2025.11.22"]
[EventType "tourn (blitz)"]
[EventRounds "15"]
[EventCountry "GBR"]
[SourceTitle "BritBase"]
[Source "John Saunders"]
[SourceDate "2025.11.23"]
[SourceVersion "1"]
[SourceVersionDate "2025.11.23"]
[SourceQuality "1"]

1. Nf3 d6 2. c4 e5 3. Nc3 f5 4. g3 Nf6 5. d4 e4 6. Nh4 c6 7. Bh3 g6 8. f3 d5 9. O-O Be6 10. cxd5 cxd5 11. Bg5 Be7 12. Qb3 Qb6 13. Qxb6 axb6 14. e3 exf3 15. Rxf3 Nc6 16. Ng2 Ne4 17. Bxe7 Nxe7 18. Nf4 Bf7 19. Nxe4 dxe4 20. Rff1 h5 21. a3 Kd7 22. Rfc1 Rhc8 23. Bf1 Kd6 24. Kf2 g5 25. Ne2 Nd5 26. Nc3 Nxc3 27. Rxc3 Rxc3 28. bxc3 Rc8 29. Rc1 Bc4 30. Bh3 Ra8 31. Ra1 b5 32. Ke1 Rf8 33. Bf1 Kd5 34. Kd2 f4 35. gxf4 gxf4 36. exf4 Rxf4 37. Bxc4+ bxc4 38. Rb1 Rf2+ 39. Ke3 Rf3+ 40. Kd2 Rf2+ 41. Ke3 Rf3+ 42. Kd2 e3+ 43. Ke2 Ke4 44. Rf1 Rh3 45. Rh1 b5 46. Rb1 Rxh2+ 47. Kd1 Rh1+ 0-1

[Event "UK Blitz Championship"]
[Site "Leamington"]
[Date "2025.11.22"]
[Round "4.2"]
[White "Maroroa Jones, Gawain C B"]
[Black "Banerjee, Supratit"]
[Result "1-0"]
[WhiteElo "2663"]
[BlackElo "2327"]
[PlyCount "59"]
[EventDate "2025.11.22"]
[EventType "tourn (blitz)"]
[EventRounds "15"]
[EventCountry "GBR"]
[SourceTitle "BritBase"]
[Source "John Saunders"]
[SourceDate "2025.11.23"]
[SourceVersion "1"]
[SourceVersionDate "2025.11.23"]
[SourceQuality "1"]

1. Nf3 Nf6 2. b3 g6 3. Bb2 Bg7 4. g3 O-O 5. Bg2 d6 6. d4 c5 7. O-O Nc6 8. d5 Nb4 9. c4 Bf5 10. Nc3 Ne4 11. Qc1 Nc2 12. Qxc2 Nxc3 13. e4 Nxe4 14. Bxg7 Kxg7 15. g4 Ng3 16. Qc3+ f6 17. fxg3 Bxg4 18. Ng5 h6 19. Ne6+ Bxe6 20. dxe6 Rb8 21. a4 a6 22. h4 h5 23. Bd5 b5 24. axb5 axb5 25. Ra7 bxc4 26. bxc4 Rb4 27. Rd7 Qe8 28. Kh2 Kh6 29. Qd2+ Kg7 30. Ra1 1-0

[Event "UK Blitz Championship"]
[Site "Leamington"]
[Date "2025.11.22"]
[Round "4.3"]
[White "Collins, Adam"]
[Black "Balaji, Aaravamudhan"]
[Result "0-1"]
[WhiteElo "2271"]
[BlackElo "2379"]
[PlyCount "56"]
[EventDate "2025.11.22"]
[EventType "tourn (blitz)"]
[EventRounds "15"]
[EventCountry "GBR"]
[SourceTitle "BritBase"]
[Source "John Saunders"]
[SourceDate "2025.11.23"]
[SourceVersion "1"]
[SourceVersionDate "2025.11.23"]
[SourceQuality "1"]

1. d4 g6 2. Nf3 Bg7 3. g3 d6 4. Bg2 Nc6 5. O-O Bd7 6. e4 Qc8 7. Re1 Bh3 8. Be3 h5 9. Bxh3 Qxh3 10. Ng5 Qd7 11. h4 Nh6 12. Nc3 Ng4 13. d5 Nce5 14. Bd4 O-O 15. f4 c5 16. dxc6 Nxc6 17. Bxg7 Kxg7 18. Qd2 e6 19. Rad1 Qc7 20. Kg2 Rfd8 21. Nf3 Rac8 22. Nd4 Na5 23. Ndb5 Qb6 24. Qd4+ Qxd4 25. Nxd4 Nc4 26. Kh3 Nf2+ 27. Kg2 Nxd1 28. Rxd1 Ne3+ 0-1

[Event "UK Blitz Championship"]
[Site "Leamington"]
[Date "2025.11.22"]
[Round "4.4"]
[White "Vijayakumar, Rishi"]
[Black "Wells, Peter K"]
[Result "1-0"]
[WhiteElo "2399"]
[BlackElo "2384"]
[PlyCount "87"]
[EventDate "2025.11.22"]
[EventType "tourn (blitz)"]
[EventRounds "15"]
[EventCountry "GBR"]
[SourceTitle "BritBase"]
[Source "John Saunders"]
[SourceDate "2025.11.23"]
[SourceVersion "1"]
[SourceVersionDate "2025.11.23"]
[SourceQuality "1"]

1. d4 Nf6 2. c4 e6 3. Nf3 d5 4. Nc3 c6 5. Bg5 h6 6. Bh4 dxc4 7. e4 b5 8. e5 g5 9. Nxg5 hxg5 10. Bxg5 Be7 11. exf6 Bxf6 12. Bxf6 Qxf6 13. Qd2 Nd7 14. Ne4 Qe7 15. O-O-O Rh4 16. f3 Bb7 17. g3 Rh5 18. Qf4 Rd5 19. g4 O-O-O 20. Nc3 Rd6 21. Ne4 Rd5 22. Nc3 Rd6 23. Bg2 Nf6 24. h4 a6 25. h5 c5 26. dxc5 Rxd1+ 27. Rxd1 Rxd1+ 28. Kxd1 Qxc5 29. Qxf6 Qg1+ 30. Ke2 Qxg2+ 31. Ke3 Qg1+ 32. Kf4 Qf2 33. Ne4 Bxe4 34. Kxe4 Qe2+ 35. Kf4 Qd2+ 36. Kg3 Qe1+ 37. Kg2 Qe2+ 38. Kh3 Qf1+ 39. Kh4 Qf2+ 40. Kg5 Qd2+ 41. f4 b4 42. h6 Qc2 43. Qxf7 Qxb2 44. h7 1-0

[Event "UK Blitz Championship"]
[Site "Leamington"]
[Date "2025.11.22"]
[Round "4.5"]
[White "Gormally, Daniel W"]
[Black "Kozusek, Daniel"]
[Result "0-1"]
[WhiteElo "2485"]
[BlackElo "2316"]
[PlyCount "106"]
[EventDate "2025.11.22"]
[EventType "tourn (blitz)"]
[EventRounds "15"]
[EventCountry "GBR"]
[SourceTitle "BritBase"]
[Source "John Saunders"]
[SourceDate "2025.11.23"]
[SourceVersion "1"]
[SourceVersionDate "2025.11.23"]
[SourceQuality "1"]

1. e4 c6 2. d4 d5 3. Nd2 dxe4 4. Nxe4 Nf6 5. Nxf6+ exf6 6. c3 Bd6 7. Bd3 O-O 8. Ne2 Re8 9. O-O Nd7 10. Bf4 Nf8 11. Bxd6 Qxd6 12. Ng3 Ng6 13. Re1 Bd7 14. Qb3 b6 15. a4 Nf4 16. Bf1 Be6 17. Qc2 h5 18. Ne4 Qc7 19. g3 Nd5 20. Bg2 Qd7 21. Qd2 a5 22. h4 Re7 23. b4 Bh3 24. bxa5 Bxg2 25. Kxg2 Rxa5 26. c4 f5 27. Ng5 Nf6 28. Rxe7 Qxe7 29. Re1 Qd7 30. Qf4 g6 31. Qb8+ Kg7 32. Qxb6 Rxa4 33. Qc5 Ra7 34. Re5 Rb7 35. d5 cxd5 36. cxd5 Rc7 37. Qd4 Qd6 38. Nh3 Rd7 39. Nf4 Rc7 40. Re2 Rd7 41. Rb2 Qc7 42. Rb6 Rd6 43. Rb5 Qd7 44. Qc5 Ne4 45. Qd4+ Nf6 46. Ra5 Qc7 47. Ra7 Qd8 48. Qe5 Kg8 49. Rb7 Nxd5 50. Ne2 Nf6 51. Nf4 Ng4 52. Qc5 Rd2 53. Qc4 Rxf2+ 0-1

[Event "UK Blitz Championship"]
[Site "Leamington"]
[Date "2025.11.22"]
[Round "4.6"]
[White "Czopor, Maciej"]
[Black "Badacsonyi, Stanley"]
[Result "1/2-1/2"]
[WhiteElo "2377"]
[BlackElo "2447"]
[PlyCount "95"]
[EventDate "2025.11.22"]
[EventType "tourn (blitz)"]
[EventRounds "15"]
[EventCountry "GBR"]
[SourceTitle "BritBase"]
[Source "John Saunders"]
[SourceDate "2025.11.23"]
[SourceVersion "1"]
[SourceVersionDate "2025.11.23"]
[SourceQuality "1"]

1. e4 e6 2. d4 d5 3. e5 c5 4. c3 Nc6 5. Nf3 Bd7 6. Be2 Nge7 7. Na3 cxd4 8. cxd4 Nf5 9. Nc2 Be7 10. O-O O-O 11. Bd3 f6 12. Bxf5 exf5 13. Re1 Be8 14. Bf4 g5 15. Bd2 f4 16. exf6 Bxf6 17. Bb4 Rf7 18. Ne5 Rg7 19. Bc5 Rc8 20. Ng4 Bg6 21. Rc1 h5 22. Nxf6+ Qxf6 23. Nb4 Bf7 24. Nxc6 bxc6 25. Re7 g4 26. Qe2 Bg6 27. Rxg7+ Kxg7 28. Qe7+ Qxe7 29. Bxe7 a5 30. Bd6 f3 31. Be5+ Kf7 32. gxf3 gxf3 33. Kf1 a4 34. Ke1 Bd3 35. Kd2 Bc4 36. Rg1 c5 37. Rg7+ Ke6 38. Rg6+ Ke7 39. Rh6 cxd4 40. Bxd4 Bxa2 41. Rxh5 Bb3 42. Rh7+ Ke6 43. Bc3 Kf5 44. Rf7+ Ke4 45. Re7+ Kf4 46. Rf7+ Ke4 47. Re7+ Kf4 48. Rf7+ 1/2-1/2

[Event "UK Blitz Championship"]
[Site "Leamington"]
[Date "2025.11.22"]
[Round "4.7"]
[White "Waldhausen Gordon, Frederick"]
[Black "Siva, Mahadevan"]
[Result "0-1"]
[WhiteElo "2406"]
[BlackElo "2365"]
[PlyCount "79"]
[EventDate "2025.11.22"]
[EventType "tourn (blitz)"]
[EventRounds "15"]
[EventCountry "GBR"]
[SourceTitle "BritBase"]
[Source "John Saunders"]
[SourceDate "2025.11.23"]
[SourceVersion "1"]
[SourceVersionDate "2025.11.23"]
[SourceQuality "1"]

1. Nf3 d5 2. b3 c5 3. Bb2 f6 4. e3 e5 5. Bb5+ Nc6 6. O-O Bd6 7. d3 Nge7 8. c4 d4 9. exd4 cxd4 10. a3 O-O 11. Nbd2 a6 12. Ba4 Bg4 13. b4 Ng6 14. c5 Bc7 15. h3 Bf5 16. Ne4 Nf4 17. Bb3+ Kh8 18. Bc1 g5 19. Bxf4 gxf4 20. Nfd2 Qd7 21. Kh2 Bg6 22. Nc4 f5 23. Ned6 b5 24. Nd2 Bxd6 25. cxd6 Qxd6 26. Qf3 e4 27. dxe4 Ne5 28. Qd1 fxe4 29. Re1 f3 30. g3 e3 31. fxe3 f2 32. Re2 d3 33. Nf1 Be4 34. Rea2 Nf3+ 35. Kg2 Ng5+ 36. Kh2 Qh6 37. Qg4 Rae8 38. Bd1 Rg8 39. Qd7 Rd8 40. Qg4 0-1

[Event "UK Blitz Championship"]
[Site "Leamington"]
[Date "2025.11.22"]
[Round "4.8"]
[White "Ganti, Shriaansh"]
[Black "Bazakutsa, Svyatoslav"]
[Result "0-1"]
[WhiteElo "2126"]
[BlackElo "2404"]
[PlyCount "70"]
[EventDate "2025.11.22"]
[EventType "tourn (blitz)"]
[EventRounds "15"]
[EventCountry "GBR"]
[SourceTitle "BritBase"]
[Source "John Saunders"]
[SourceDate "2025.11.23"]
[SourceVersion "1"]
[SourceVersionDate "2025.11.23"]
[SourceQuality "1"]

1. e4 d6 2. d4 Nf6 3. Nc3 g6 4. Bg5 Bg7 5. e5 Nfd7 6. f4 O-O 7. h4 dxe5 8. dxe5 h6 9. h5 Nxe5 10. Qxd8 Rxd8 11. Bxe7 Re8 12. fxe5 Rxe7 13. O-O-O Nc6 14. hxg6 fxg6 15. Nd5 Rxe5 16. Nf3 Re4 17. Bd3 Rg4 18. Nxc7 Rb8 19. Nh4 Be5 20. Nd5 Kg7 21. Kb1 Be6 22. Ne3 Rg3 23. Nc4 Bf6 24. Rde1 Bxc4 25. Bxc4 Rg4 26. Bd3 Rxh4 27. Rhf1 Rf8 28. Re6 Rg4 29. a3 Rxg2 30. Rd6 Rg5 31. Bc4 Ne5 32. Bb3 Rf5 33. Rg1 Rd8 34. Re6 Nf3 35. Rh1 Nd2+ 0-1

[Event "UK Blitz Championship"]
[Site "Leamington"]
[Date "2025.11.22"]
[Round "5.1"]
[White "Bazakutsa, Svyatoslav"]
[Black "D'Costa, Lorin AR"]
[Result "1/2-1/2"]
[WhiteElo "2404"]
[BlackElo "2349"]
[PlyCount "59"]
[EventDate "2025.11.22"]
[EventType "tourn (blitz)"]
[EventRounds "15"]
[EventCountry "GBR"]
[SourceTitle "BritBase"]
[Source "John Saunders"]
[SourceDate "2025.11.23"]
[SourceVersion "1"]
[SourceVersionDate "2025.11.23"]
[SourceQuality "1"]

1. b3 e5 2. Bb2 Nc6 3. e3 g6 4. Nf3 Bg7 5. c4 Nge7 6. Nc3 O-O 7. Be2 b6 8. O-O Bb7 9. Rc1 d5 10. cxd5 Nxd5 11. Nxd5 Qxd5 12. Bc4 Qd6 13. Ng5 h6 14. Ne4 Qe7 15. Bd5 Qd7 16. Qf3 Nd4 17. exd4 Qxd5 18. Rxc7 Qxe4 19. Rxb7 Qxf3 20. gxf3 exd4 21. Rc1 Rfc8 22. Rc4 Rxc4 23. bxc4 d3 24. Bxg7 Kxg7 25. Kg2 Rc8 26. Rxa7 Rxc4 27. Rd7 Ra4 28. Rxd3 Rxa2 29. Rb3 Rxd2 30. Rxb6 1/2-1/2

[Event "UK Blitz Championship"]
[Site "Leamington"]
[Date "2025.11.22"]
[Round "5.2"]
[White "Siva, Mahadevan"]
[Black "Ganti, Shriaansh"]
[Result "1-0"]
[WhiteElo "2365"]
[BlackElo "2126"]
[PlyCount "73"]
[EventDate "2025.11.22"]
[EventType "tourn (blitz)"]
[EventRounds "15"]
[EventCountry "GBR"]
[SourceTitle "BritBase"]
[Source "John Saunders"]
[SourceDate "2025.11.23"]
[SourceVersion "1"]
[SourceVersionDate "2025.11.23"]
[SourceQuality "1"]

1. e4 c5 2. Nf3 Nc6 3. d4 cxd4 4. Nxd4 Nf6 5. Nc3 e6 6. Ndb5 d6 7. Bf4 e5 8. Bg5 a6 9. Na3 b5 10. Nab1 Nd4 11. Nd5 Be7 12. Bxf6 Bxf6 13. c3 Nc6 14. a4 bxa4 15. Qxa4 Bd7 16. Qa3 Be7 17. Nd2 O-O 18. Nc4 Be6 19. Rd1 Bxd5 20. Rxd5 Qc7 21. Be2 Rfd8 22. O-O Bf8 23. Qa4 Ne7 24. Ra5 d5 25. exd5 Nxd5 26. Bf3 Nb6 27. Nxb6 Qxb6 28. Bxa8 Rxa8 29. b3 h6 30. Rxe5 Qc7 31. Re3 Rd8 32. Qxa6 Bc5 33. Rd3 Re8 34. Qc4 Qe5 35. Rd5 Bxf2+ 36. Rxf2 Qe1+ 37. Qf1 1-0

[Event "UK Blitz Championship"]
[Site "Leamington"]
[Date "2025.11.22"]
[Round "5.3"]
[White "Badacsonyi, Stanley"]
[Black "Waldhausen Gordon, Frederick"]
[Result "0-1"]
[WhiteElo "2447"]
[BlackElo "2406"]
[PlyCount "162"]
[EventDate "2025.11.22"]
[EventType "tourn (blitz)"]
[EventRounds "15"]
[EventCountry "GBR"]
[SourceTitle "BritBase"]
[Source "John Saunders"]
[SourceDate "2025.11.23"]
[SourceVersion "1"]
[SourceVersionDate "2025.11.23"]
[SourceQuality "1"]

1. d4 Nf6 2. c4 e6 3. Nc3 Bb4 4. e3 O-O 5. Bd2 b6 6. Nf3 Bb7 7. Bd3 d6 8. O-O Nbd7 9. a3 Bxc3 10. Bxc3 Ne4 11. Be1 f5 12. Nd2 e5 13. Nxe4 fxe4 14. Bc2 Qg5 15. Bc3 a5 16. Qe2 Rae8 17. d5 Nf6 18. f4 exf3 19. Rxf3 Bc8 20. Rg3 Qh4 21. Be1 Qh6 22. Bd2 e4 23. Rf1 Nh5 24. Rxf8+ Rxf8 25. Bxe4 Nxg3 26. hxg3 Qg5 27. Be1 Bg4 28. Qd3 Qh5 29. Bf2 Kh8 30. Qd4 Bd1 31. Bd3 Be2 32. Bc2 Qf7 33. e4 Bxc4 34. Bd1 Ba6 35. Bf3 Qf6 36. Qd2 Qg6 37. Qc3 Rf7 38. Qc6 Rf8 39. Qxc7 Bd3 40. Bd4 Qxg3 41. Qe7 Rg8 42. Bf2 Qg6 43. Bxb6 h6 44. Bd4 Rc8 45. Bc3 Qg3 46. Qd7 Rf8 47. Qg4 Qxg4 48. Bxg4 Bxe4 49. Be6 a4 50. Bb4 Rf6 51. Bd7 Bxd5 52. Bxa4 Rg6 53. Bc3 Rxg2+ 54. Kf1 Rg3 55. Bd7 Bc4+ 56. Kf2 Rd3 57. a4 d5 58. Bf5 Rd1 59. Bc2 Rc1 60. Bg6 Ra1 61. Ke3 Rxa4 62. Bc2 Ra7 63. Kd4 Rb7 64. Ke5 Kg8 65. Bf5 Re7+ 66. Be6+ Kh7 67. Bb4 Rb7 68. Bc3 g6 69. Kf6 d4 70. Bxd4 Bxe6 71. Kxe6 Rb3 72. Kd5 g5 73. Kc4 Rb8 74. b4 Kg6 75. b5 Kf5 76. b6 Ke4 77. Bc5 h5 78. Kb5 h4 79. Kc6 h3 80. Bd6 Rxb6+ 81. Kxb6 g4 0-1

[Event "UK Blitz Championship"]
[Site "Leamington"]
[Date "2025.11.22"]
[Round "5.4"]
[White "Kozusek, Daniel"]
[Black "Czopor, Maciej"]
[Result "1/2-1/2"]
[WhiteElo "2316"]
[BlackElo "2377"]
[PlyCount "79"]
[EventDate "2025.11.22"]
[EventType "tourn (blitz)"]
[EventRounds "15"]
[EventCountry "GBR"]
[SourceTitle "BritBase"]
[Source "John Saunders"]
[SourceDate "2025.11.23"]
[SourceVersion "1"]
[SourceVersionDate "2025.11.23"]
[SourceQuality "1"]

1. d4 Nf6 2. c4 c5 3. d5 b5 4. cxb5 a6 5. bxa6 e6 6. Nc3 exd5 7. Nxd5 Be7 8. e4 O-O 9. Nf3 Nxa6 10. Bc4 Bb7 11. O-O Nxd5 12. Bxd5 Bxd5 13. Qxd5 Nb4 14. Qc4 Qb6 15. Be3 Qe6 16. Qxe6 dxe6 17. Rfc1 Nxa2 18. Rc4 Nb4 19. Rxa8 Rxa8 20. g3 Nd3 21. b3 h6 22. Rc3 Ra1+ 23. Kg2 Ne1+ 24. Nxe1 Rxe1 25. Bxc5 Bxc5 26. Rxc5 Rxe4 27. Rb5 g5 28. Kf3 Re1 29. Rb7 Kg7 30. b4 Kg6 31. g4 Rb1 32. b5 Rb4 33. b6 Kf6 34. h3 Rb3+ 35. Kg2 Rb4 36. Kg3 Rb3+ 37. f3 Rb2 38. Rb8 Kg7 39. Rb7 Kf6 40. Rb8 1/2-1/2

[Event "UK Blitz Championship"]
[Site "Leamington"]
[Date "2025.11.22"]
[Round "5.5"]
[White "Wells, Peter K"]
[Black "Gormally, Daniel W"]
[Result "0-1"]
[WhiteElo "2384"]
[BlackElo "2485"]
[PlyCount "50"]
[EventDate "2025.11.22"]
[EventType "tourn (blitz)"]
[EventRounds "15"]
[EventCountry "GBR"]
[SourceTitle "BritBase"]
[Source "John Saunders"]
[SourceDate "2025.11.23"]
[SourceVersion "1"]
[SourceVersionDate "2025.11.23"]
[SourceQuality "1"]

1. d4 Nf6 2. c4 g6 3. Nc3 Bg7 4. e4 d6 5. Nf3 O-O 6. Be2 c5 7. O-O Bg4 8. d5 e6 9. dxe6 Bxe6 10. Bf4 Qb6 11. Qd2 Nc6 12. Bh6 Bg4 13. Bxg7 Kxg7 14. Nd5 Nxd5 15. cxd5 Bxf3 16. Bxf3 Nd4 17. Qc3 Rae8 18. Rfe1 Re5 19. Rad1 Rfe8 20. h4 h5 21. Re3 a5 22. Kh1 Qb4 23. a3 Qa4 24. Rc1 Qd7 25. Rd1 Qe7 0-1

[Event "UK Blitz Championship"]
[Site "Leamington"]
[Date "2025.11.22"]
[Round "5.6"]
[White "Balaji, Aaravamudhan"]
[Black "Vijayakumar, Rishi"]
[Result "0-1"]
[WhiteElo "2379"]
[BlackElo "2399"]
[PlyCount "70"]
[EventDate "2025.11.22"]
[EventType "tourn (blitz)"]
[EventRounds "15"]
[EventCountry "GBR"]
[SourceTitle "BritBase"]
[Source "John Saunders"]
[SourceDate "2025.11.23"]
[SourceVersion "1"]
[SourceVersionDate "2025.11.23"]
[SourceQuality "1"]

1. d4 Nf6 2. c4 e6 3. e3 d5 4. Nf3 b6 5. Bd3 Be7 6. O-O O-O 7. b3 Bb7 8. Bb2 Nbd7 9. Qe2 a6 10. Nc3 Ne4 11. Rac1 Bd6 12. Qc2 f5 13. Ne2 Qe7 14. Ne5 Bxe5 15. dxe5 Ndc5 16. cxd5 Nxd3 17. Qxd3 Bxd5 18. Nf4 Bb7 19. Qc4 Nd2 20. Qxc7 Qxc7 21. Rxc7 Nxf1 22. Rxb7 Nd2 23. f3 Rf7 24. Rxb6 Rc8 25. Nxe6 h6 26. Nd4 Re7 27. Nxf5 Rec7 28. Nd4 a5 29. h4 a4 30. h5 Ra7 31. Nb5 Ra5 32. e6 axb3 33. axb3 Ra2 34. Be5 Nxf3+ 35. Kf1 Rc1# 0-1

[Event "UK Blitz Championship"]
[Site "Leamington"]
[Date "2025.11.22"]
[Round "5.7"]
[White "Banerjee, Supratit"]
[Black "Collins, Adam"]
[Result "1-0"]
[WhiteElo "2327"]
[BlackElo "2271"]
[PlyCount "67"]
[EventDate "2025.11.22"]
[EventType "tourn (blitz)"]
[EventRounds "15"]
[EventCountry "GBR"]
[SourceTitle "BritBase"]
[Source "John Saunders"]
[SourceDate "2025.11.23"]
[SourceVersion "1"]
[SourceVersionDate "2025.11.23"]
[SourceQuality "1"]

1. e4 c5 2. Nf3 d6 3. d4 cxd4 4. Nxd4 Nf6 5. Nc3 Nc6 6. Bc4 e5 7. Nf3 Be6 8. Bxe6 fxe6 9. O-O Be7 10. Re1 O-O 11. h3 Rc8 12. Bg5 a6 13. a4 Na5 14. Qd3 Qc7 15. Nd2 Nc4 16. Nxc4 Qxc4 17. Qg3 Nh5 18. Qg4 Bxg5 19. Qxg5 Nf4 20. Rad1 Qb4 21. Re3 Qxb2 22. Rg3 Ng6 23. Qd2 Rfd8 24. Rb1 Qa3 25. Rxb7 Rb8 26. Ra7 Qc5 27. Rxa6 Rbc8 28. Kh2 d5 29. Rxe6 d4 30. Nd5 Qxc2 31. Qg5 Rb8 32. Ne7+ Kh8 33. Rxg6 hxg6 34. Qh4# 1-0

[Event "UK Blitz Championship"]
[Site "Leamington"]
[Date "2025.11.22"]
[Round "5.8"]
[White "Gasanov, Eldar"]
[Black "Maroroa Jones, Gawain C B"]
[Result "1/2-1/2"]
[WhiteElo "2425"]
[BlackElo "2663"]
[PlyCount "68"]
[EventDate "2025.11.22"]
[EventType "tourn (blitz)"]
[EventRounds "15"]
[EventCountry "GBR"]
[SourceTitle "BritBase"]
[Source "John Saunders"]
[SourceDate "2025.11.23"]
[SourceVersion "1"]
[SourceVersionDate "2025.11.23"]
[SourceQuality "1"]

1. d4 Nf6 2. c4 g6 3. Nc3 Bg7 4. e4 d6 5. h3 e5 6. d5 Na6 7. Bd3 O-O 8. Nge2 Nd7 9. g4 Ndc5 10. Bc2 f5 11. exf5 gxf5 12. Ng3 e4 13. gxf5 Nb4 14. Ncxe4 Nxc2+ 15. Qxc2 Nxe4 16. Nxe4 Bxf5 17. f3 Bxe4 18. fxe4 Qh4+ 19. Kd1 Rf2 20. Qd3 Qh5+ 21. Ke1 Raf8 22. Rg1 R8f3 23. Be3 Qxh3 24. Rxg7+ Kxg7 25. Qd4+ Kg6 26. Bxf2 Rd3 27. Qh8 Qh1+ 28. Ke2 Qxe4+ 29. Kf1 Qh1+ 30. Ke2 Qe4+ 31. Kf1 Qh1+ 32. Ke2 Qf3+ 33. Ke1 Qe4+ 34. Kf1 Qh1+ 1/2-1/2